| Поле | Название | Значение |
| |
Тип записи |
a |
| |
Библиографический уровень |
m |
| 001 |
Контрольный номер |
RU\NLR\BIBL_A\011760339 |
| 005 |
Дата корректировки |
20190830100741.2 |
| 010 |
Индекс ISBN |
__ |
| a |
ISBN |
978-5-6040990-0-1 |
| 9 |
Тираж |
4000 |
| d |
Цена |
819-61 |
| 021 |
№ государственной регистрации |
__ |
| a |
Код страны |
RU |
| b |
№ документа |
2018-48238 |
| 035 |
Другие системные номера |
__ |
| a |
Идентификатор записи |
(RuMoRGB)009676875 |
| 100 |
Данные общей обработки |
__ |
| a |
Данные общей обработки |
20180727d2018 e y0rusa0189 ca |
| 101 |
Язык документа |
0_ |
| a |
Язык текста |
rus |
| 102 |
Страна публикации |
__ |
| a |
Страна публикации |
RU |
| 105 |
Кодированные данные (монография) |
__ |
| a |
Кодированные данные (монография) |
a z 0 zy |
| 200 |
Заглавие и сведения об ответственности |
1_ |
| a |
Заглавие |
Мышление. Системное исследование |
| f |
Первые сведения об ответственности |
Андрей Курпатов |
| 210 |
Выходные данные |
1_ |
| a |
Место издания |
Санкт-Петербург |
| c |
Издательство |
Капитал |
| d |
Дата издания |
2019 |
| 215 |
Физическое описание |
__ |
| a |
Объем |
642, [10] с. |
| c |
Иллюстрации/тип воспроизводства |
ил. |
| d |
Формат |
22 |
| 330 |
Аннотация |
__ |
| a |
Аннотация |
Ученые всего мира только начинают обсуждать необходимость создания интегративной и, главное, прикладной области знаний о том, как функционируют механизмы мышления и как сделать их более эффективными. Андрей Курпатов идет дальше - после двадцати лет исследований создает методологию мышления, проводит исследования в созданной им Высшей школе методологии в Санкт-Петербурге, выступает с Германом Грефом для лидеров Сбербанка, читает лекции в России и Великобритании, консультирует крупный бизнес и явно не собирается останавливаться на достигнутом. "Мышление" лежит в основе проекта интеллектуального образования нового формата "Академия смысла" и книг "Красная таблетка", "Чертоги разума" и "Троица", мгновенно ставших бестселлерами крупнейших интернет-магазинов. Книга включает в себя четыре части системного исследования по методологии мышления - "Методология мышления. Черновик", "Что такое мышление? Наброски", "Пространство мышления. Соображения" и "Что такое реальность? Концепт". |
| 333 |
Примечание о целевом назначении |
__ |
| a |
Примечание о целевом назначении |
16+ |
| 517 |
Другие варианты заглавия |
1_ |
| a |
Другие варианты заглавия |
Системное исследование |
| 606 |
Тематические рубрики |
1_ |
| a |
Основная рубрика |
Психология |
| 2 |
Код системы |
nlr_sh |
| 3 |
Контрольный № нормативной записи |
RU\NLR\AUTH\66762253 |
| 606 |
Тематические рубрики |
__ |
| a |
Основная рубрика |
Психические процессы |
| 610 |
Ключевые слова |
0_ |
| a |
Ключевые слова |
мышление |
| a |
Ключевые слова |
методология мышления |
| a |
Ключевые слова |
структура мышления |
| a |
Ключевые слова |
функция мышления |
| a |
Ключевые слова |
наука о мышлении |
| 686 |
Индексы других классификаций |
__ |
| a |
Индекс ББК |
88.25 |
| v |
Номер издания |
LBC/SL |
| 2 |
Код системы |
rubbk |
| 700 |
Автор |
_1 |
| a |
Фамилия |
Курпатов |
| b |
Имя |
А. В. |
| f |
Даты |
1974- |
| g |
Полное личное имя |
Андрей Владимирович |
| 3 |
Контрольный № нормативной записи |
RU\NLR\AUTH\7730467 |
| 801 |
Источник записи |
_0 |
| a |
Страна |
RU |
| b |
Организация |
NLR |
| c |
Дата составления |
20180727 |
| g |
Правила каталогизации |
RCR |
| 801 |
Источник записи |
_1 |
| a |
Страна |
RU |
| b |
Организация |
NLR |
| c |
Дата составления |
20180727 |
| 2 |
Код формата |
rusmarc |
| 801 |
Источник записи |
_2 |
| a |
Страна |
RU |
| b |
Организация |
NLR |
| c |
Дата составления |
20180808 |
| 2 |
Код формата |
rusmarc |
| 801 |
Источник записи |
_1 |
| a |
Страна |
RU |
| b |
Организация |
Центральная районная библиотека им. Г. А. Пирожникова |
| 852 |
Данные о местонахождении |
__ |
| j |
Шифр хранения |
88.25 |
| i |
Авторский знак |
К 935 |
| 901 |
Тип документа |
__ |
| t |
Тип документа |
m |
| 902 |
Роль лиц |
__ |
| b |
Редактор БЗ |
ОКиО/Шумских |